| 000 | 00532cam a2200193ua 4500 | ||
|---|---|---|---|
| 001 | 6186 | ||
| 008 | 131120n ii |||gr||||Z||||||asm | ||
| 040 | _cMAIN | ||
| 082 | _a657 | ||
| 245 |
_aHichap Parikshan Bigyan : _bVolume I / _cBy Purneswar Bordoloi . |
||
| 250 | _a3rd ed. | ||
| 260 |
_aGuwahati: _bUniversity Publication Department, _c1992. |
||
| 300 | _ax,256p. | ||
| 653 | _aCommerce | ||
| 653 | _aHisap Parikshan Bigyan | ||
| 700 |
_aBordoloi,Purneswar, _eAuthor., |
||
| 700 | 1 |
_aBaruah,Hemkanta, _eAuthor. |
|
| 942 | _cBK | ||
| 999 |
_c5338 _d5338 |
||